Psicología de la publicidad / (Record no. 81020)

MARC details
000 -LEADER
campo de control de longitud fija 00744nam a2200205 i 4500
001 - NÚMERO DE CONTROL
campo de control 81020
003 - IDENTIFICADOR DE NÚMERO DE CONTROL
campo de control ES-MaACL
005 - FECHA Y HORA DE LA ÚLTIMA TRANSACCIÓN
campo de control 20230906174341.0
007 - CAMPO FIJO DE DESCRIPCIÓN FÍSICA--INFORMACIÓN GENERAL
campo de control de longitud fija t|
008 - DATOS DE LONGITUD FIJA--INFORMACIÓN GENERAL
campo de control de longitud fija 041102s1966 sp ||||1| spa d
100 1# - ENTRADA PRINCIPAL--NOMBRE DE PERSONA
Nombre de persona Holzschuher, Ludwig Freiherr.
9 (RLIN) 64101
245 10 - MENCIÓN DEL TÍTULO
Título Psicología de la publicidad /
Mención de responsabilidad, etc. Ludwig Freiherr Holzschuher ; con la colaboración de Joachin Jaworski ; [versión española por Andrés-Pedro Sánchez Pascual].
260 ## - PUBLICACIÓN, DISTRIBUCIÓN, ETC.
Lugar de publicación, distribución, etc. Madrid :
Nombre del editor, distribuidor, etc. Rialp,
Fecha de publicación, distribución, etc. [1966]
300 ## - DESCRIPCIÓN FÍSICA
Extensión 392 p., 8 lám. col. :
Otras características físicas il. ;
Dimensiones 25 cm.
650 #4 - PUNTO DE ACCESO ADICIONAL DE MATERIA--TÉRMINO DE MATERIA
Término de materia o nombre geográfico como elemento de entrada Publicidad-
Subdivisión general Aspectos psicológicos.
9 (RLIN) 160522
700 1# - ENTRADA AGREGADA--NOMBRE PERSONAL
Nombre de persona Jaworski, Joachin.
9 (RLIN) 66213
700 1# - ENTRADA AGREGADA--NOMBRE PERSONAL
Nombre de persona Sánchez Pascual, Andrés.
9 (RLIN) 102833
852 ## - LOCALIZACIÓN
Ubicación ES-MaACL
Número de control de estantería C-29235
852 ## - LOCALIZACIÓN
Ubicación ES-MaACL
Número de control de estantería C-29192
Holdings
Estatus retirado Estado de pérdida Estado de daño No para préstamo Biblioteca de origen Biblioteca actual Ubicación en estantería Fecha de adquisición Fuente de adquisición Total de préstamos Signatura topográfica completa Código de barras Visto por última vez Precio de reemplazo Tipo de ítem Koha
        Biblioteca del Ateneo de Madrid Biblioteca del Ateneo de Madrid Depósito 2 17/01/2008     C-29192 1084698 23/02/2023 23/02/2023 Libro impreso
        Biblioteca del Ateneo de Madrid Biblioteca del Ateneo de Madrid Depósito 2 17/01/2008     C-29235 1084697 23/02/2023 23/02/2023 Libro impreso